From science to God : (Record no. 23556)

MARC details
000 -LEADER
fixed length control field 00731cam a22001814a 4500
020 ## - INTERNATIONAL STANDARD BOOK NUMBER
ISBN 1577314093
020 ## - INTERNATIONAL STANDARD BOOK NUMBER
ISBN 9781577314097
082 00 - DEWEY DECIMAL CLASSIFICATION NUMBER
Classification number 215
100 1# - MAIN ENTRY--AUTHOR NAME
Author name Russell, Peter,
245 10 - TITLE STATEMENT
Title From science to God :
260 ## - PUBLICATION, DISTRIBUTION, ETC. (IMPRINT)
Place of publication Novato, Calif. :
Name of publisher New World Library :
-- Distributed to the trade by Publishers Group West,
Year of publication c2003.
300 ## - PHYSICAL DESCRIPTION
Number of Pages ix, 129 p. ;
505 0# - FORMATTED CONTENTS NOTE
Formatted contents note From science to consciousness -- The anomaly of consciousness -- A sentient universe -- The illusion of reality -- The mystery of light -- The light of consciousness -- Consciousness as God -- The meeting of science and spirit -- The great awakening.
650 #0 - SUBJECT ADDED ENTRY--TOPICAL TERM
Topical Term Spiritual life.
650 #0 - SUBJECT ADDED ENTRY--TOPICAL TERM
Topical Term Consciousness
650 #0 - SUBJECT ADDED ENTRY--TOPICAL TERM
Topical Term Religion and science.
942 ## - ADDED ENTRY ELEMENTS (KOHA)
Koha item type Books
Holdings
Home library Current library Shelving location Date acquired Cost, normal purchase price Full call number Accession Number Koha item type
Henry Martyn Institute Library Henry Martyn Institute Library General stacks 08/18/2025 250.00 215 24657 Books
                   Copyright © 2026 | Henry Martyn Institute | Hyderabad | TS-500052 | INDIA | Implemented by hmi.edu.in
Hit-Count:

Powered by Koha